000 01105nam0a22002531 4500
001 rc\2926981
005 20250529225657.0
035 _a(NLR Aleph) 007076728
090 _a6435401
_c6435401
100 _a20110817d1934 |||y0rusy50 ca
101 0 _arus
102 _aRU
105 _aa z |||||
200 1 _aГлава VI правил безопасности для электротехнических установок в шахтах
_fПроф. В.Л. Биленко
210 _aЛенинск-Кузнецкий
_cБ. и.
_d1934
_gГостипография
215 _a95 с.
_cтабл.
_d14 см
300 _aБез тит. л. Описано по обл.
300 _aПерепечатка Ленинского ру Кузбассугля из "Правил безопасности в горной промышленности" проф. В.Л. Биленко, изд. 1933 г.
700 1 _aБиленко
_bВ.Л.
_f1892-
_gВладимир Леопольдович
801 0 _aRU
_bNLR
_gpsbo
801 1 _aRU
_bELAR
_2rusmarc
852 _aNLR
_j34-8/3130
942 _cBOOK
980 _aNB